Champion du monde ou pas ? - Statistiques

Statistiques générales
  • Ce quiz a été pris 807 fois
    593 depuis la dernière actualisation
  • Le résultat moyen est 16 sur 20
Statistiques - réponses
Question Réponse % Correct
Zlatan IBRAHIMOVIC ? Pas champion du monde
100%
Diego MARADONA ? Champion du monde
94%
Pelé ? Champion du monde
94%
Lionel MESSI ? Champion du monde
94%
NEYMAR ? Pas champion du monde
94%
Cristiano RONALDO ? Pas champion du monde
94%
Iker CASILLAS ? Champion du monde
93%
Karim BENZEMA? Pas champion du monde
93%
Wayne ROONEY ? Pas champion du monde
91%
Thierry HENRY ? Champion du monde
90%
Mesut OZIL ? Champion du monde
88%
Ronaldo ? Champion du monde
88%
Roberto CARLOS ? Champion du monde
87%
Dennis BERGKAMP ? Pas champion du monde
81%
Raul ? Pas champion du monde
77%
Alessandro DEL PIERO ? Champion du monde
72%
Johann CRUYFF ? Pas champion du monde
72%
Francesco TOTTI ? Champion du monde
68%
Oliver KAHN ? Pas champion du monde
41%
Paolo MALDINI ? Pas champion du monde
30%
Aucun quiz correspondant
Distribution des résultats
% des personnes avec chaque résultat
Percentile par nombre de réponses
Votre historique - résultats
Vous n’avez pas pris ce quiz depuis la dernière actualisation